تحميل...
Apocalypse postponed/
| المؤلف الرئيسي: | |
|---|---|
| التنسيق: | Printed Book |
| اللغة: | English |
| منشور في: |
London:
Flamingo,
1994.
|
| LEADER | 00466nam a2200133Ia 4500 | ||
|---|---|---|---|
| 008 | 111205s9999 xx 000 0 eng d | ||
| 020 | |a 9780006548515 | ||
| 100 | |a Eco ,Umberto | ||
| 245 | |a Apocalypse postponed/ |c Eco ,Umberto | ||
| 260 | |b Flamingo, |a London: |c 1994. | ||
| 300 | |a 319p. | ||
| 942 | |c BK |2 ddc | ||
| 999 | |c 208618 |d 208618 | ||
| 952 | |0 0 |1 0 |4 0 |6 E_306_000000000000000_ECO_A |7 0 |9 230700 |a MAL |b MAL |c ST1 |d 1977-03-16 |g 6.00 |l 0 |o E 306 ECO/A |p MAL24159 |r 2015-04-13 |v 6.00 |w 2018-08-20 |y BK | ||